000 00505nam a2200181Ia 4500
008 180921t2016 xxu||||| |||| 00| 0 sin d
041 _asin
080 _a8C3
_b(Youth) BIY
100 _aBiyanki, Vithali
245 _aපොල්කිච්චාගේ කැලැන්ඩරේ
246 _aPolkichchage Kalandare
260 _bKurulu poth
_aRajagiriya
_c2016
300 _a48p, 21cm
700 _aH.Jayarathna
_etr.
942 _cBK
999 _c11584
_d11584
003 LK-CoDNM
040 _aLK-CoDNM
_dLK-CoDNM
_eLK-CoDNM